| 000 | 00880nam a2200265Ia 4500 | ||
|---|---|---|---|
| 001 | dia_2309 | ||
| 003 | CHAP | ||
| 005 | 20251021153256.0 | ||
| 008 | 220601s9999 xx 000 0 und d | ||
| 020 | _a968-24-1411-3 | ||
| 040 | _cCHAP | ||
| 082 | _a658 B37 1986 | ||
| 100 |
_aBarajas Medina, Jorge _910042 |
||
| 245 | _aCurso introductorio a la administración/ Jorge Barajas Medina | ||
| 260 | _aMéxico : Trillas | ||
| 300 | _a195 p.195 p. | ||
| 503 | _aI. 142737 (ej. 1) \ I. 142742 (ej. 2) \ I. 142741 (ej. 3) \ I. 142740 (ej. 4) \ I. 142738 (ej. 5) \ I. 142739 (ej. 6) \ I. 142743 (ej. 7) \ I. 142736 (ej. 8) | ||
| 504 | _aIncluye bibliografía | ||
| 590 | _aHD37 B37 1987 | ||
| 650 |
_a1. AdministraciónÌ _9175778 |
||
| 901 | _a658 B37 1986 | ||
| 902 | _aM | ||
| 905 | _a5232271986 mx im 8222123322spa16 | ||
| 942 |
_cLIBRO _2ddc |
||
| 999 |
_c209301 _d209301 |
||